Analyzing energy-saving options in greenhouse cultivation using a simulation model

Kaydedildi:
Detaylı Bibliyografya
Yazar: H F de Zwart
Materyal Türü: Kitap
Dil:Undetermined
Baskı/Yayın Bilgisi: Wageningen Wageningen Univ 1996
Konular:
Etiketler: Etiketle
Etiket eklenmemiş, İlk siz ekleyin!
Thư viện lưu trữ: Trung tâm Học liệu Trường Đại học Cần Thơ
LEADER 00544nam a2200181Ia 4500
001 CTU_42799
008 210402s9999 xx 000 0 und d
082 |a 631.583 
082 |b Z97 
100 |a H F de Zwart 
245 0 |a Analyzing energy-saving options in greenhouse cultivation using a simulation model 
245 0 |c H F de Zwart 
260 |a Wageningen 
260 |b Wageningen Univ 
260 |c 1996 
650 |a greenhouses 
904 |i Nguyễn Quang Điền, 010704 
980 |a Trung tâm Học liệu Trường Đại học Cần Thơ